01836nam a2200529 i 450000100060000000300090000600500170001500800390003201500190007103500230009003500360011303500140014903500210016303500230018403500440020704000280025104100080027904600090028708000190029608000080031508000110032308000110033410000290034524501450037426000600051930000280057933600270060733700540063433800280068838000160071638000230073238800140075538800140076949000700078350400140085365000260086765000160089365000310090965000240094065000300096465800310099470000310102570000400105671000560109683000560115285600980120838000KOSZ 00520200514094439.0001007s1999 pl a f |000 0 pol aUWD 2000/20449 a991014856409705066 a(PL-WaBN)b13991942-48omnis_nlop ab13991942 a(OCoLC)749204317 a(PL)b0000001399194 a(EXLNZ-48OMNIS_NETWORK)9910500458505606 aWA NcWA NdKOSZ 005/HR0 apol k1999 a624.01/.07:531 a691 a666.65 a519.861 aNikitin, Vadim I.eAutor10aModelowanie procesów w produkcji i eksploatacji warstwowych konstrukcji budowlanych /cWadim Nikitin, Włodzimierz Guriew, Andrzej Łapko. aBiałystok :bDział Wydawnictw i Poligrafii PB,c1999. a244 s. :bil. ;c23 cm. aTekstbtxt2rdacontent aBez urządzenia pośredniczącegobn2rdamedia aWoluminbnc2rdacarrier aKsiążki aPublikacje naukowe a1901-2000 a1989-20001 aRozprawy Naukowe / Politechnika Białostocka,x0867-096X ;vnr 64 aBibliogr. 7aIzolacje cieplne2DBN 7aTechnologia 7aKonstrukcje budowlane2DBN 7aModele matematyczne 7aMateriały budowlane2DBN aArchitektura i budownictwo1 aGur'ev, Vladimir V.eAutor1 aŁapko, Andrzejd(1949-2015)eAutor2 aOficyna Wydawnicza Politechniki Białostockiej4pbl 0aRozprawy Naukowe - Politechnika Białostockavnr 64 uhttp://koha.tu.koszalin.pl/cgi-bin/koha/opac-detail.pl?biblionumber=38000yKatalog online BPK